MLB teams map quiz - Statistics

General Stats
  • This quiz has been taken 101 times
  • The average score is 8 of 9
Answers on the Map
Answers color-coded by a green-red scale on the quiz's map according to % correct below.
 
Answer Stats
Answer % Correct
Brewers
92%
Rockies
92%
Diamondbacks
91%
Red Sox
91%
Braves
89%
Mariners
87%
Twins
79%
Orioles
77%
Tigers
72%
No matching quizzes found
Score Distribution
Percent of People with Each Score
Percentile by Number Answered
Your Score History
You have not taken this quiz